000 00525nam a22001937a 4500
003 URS
005 20220114171731.0
008 170518b xxu||||| |||| 00| 0 eng d
010 _a99-28300
020 _a9814040835
050 _aQA76.9
_bA93H35 2000
082 _2658.0558
_a21
100 _4author
_aHall, James A.
245 _aInformation Systems Auditing and Assurance
260 _aCincinnati
_bSouth-Western College Publishing
_cc2000
300 _axiv, 425 pages:
504 _aincludes indexes
942 _2lcc
_cFR
999 _c14627
_d14627